| 000 | 00567nam a2200169Ia 4500 | ||
|---|---|---|---|
| 003 | 0 | ||
| 005 | 20250217122730.0 | ||
| 008 | 140724s9999 xx 000 0 und d | ||
| 050 |
_aTP 1 _b.P326 2011 |
||
| 100 | _aPaule, Hanz Marcel R. | ||
| 245 |
_aSouthville International School and Colleges online guidance mentorting system / _cHanz Marcel R. Paule. |
||
| 260 |
_aLas PiƱas, Philippines : _bSouthville International School and Colleges, _cc2011. |
||
| 300 |
_a41 p. : _bill. ; _c28 cm. |
||
| 521 | _aInformation Technology | ||
| 942 |
_cTH _2lcc |
||
| 999 |
_c229266 _d229266 |
||